Vysoké pohoria Západných Karpát - ich význam a ochrana

Bibliographic Details
Main Author: Mazúr, Emil, 1925-1990 (Author)
Format: Article
Language:Slovak
Subjects:

MARC

LEADER 00000nab a2200000 a 4500
001 vtls000195999
003 SK-MaSNL
005 20260426102247.0
008 250423c1984 xo 0 slo
015 |a SNBRB19rr/mm-uuuuu 
035 |a CL0206112 
035 |a urn:nbn:sk:snk-ab2uvy 
035 |a (urnnbn)urn:nbn:sk:snk:ar-a02za4 
035 |a (uuid)a1a9791c-377b-4319-b20c-372fa8ae0d04 
040 |a SNKBUCL  |b slo  |c SNKBUCL  |e AACR2 
041 0 |a slo 
044 |a xo  |c SK 
080 |a 502.3(234.372.3)  |2 1981 
080 |a 551.4.035  |2 2011 
100 1 |a Mazúr, Emil,  |d 1925-1990  |4 aut  |9 37084 
245 1 0 |a Vysoké pohoria Západných Karpát - ich význam a ochrana  |c Emil Mazúr 
650 0 7 |a ochrana prírody  |2 snkbucl  |9 3778 
650 0 7 |a príroda  |2 SNKPH  |9 3813 
650 0 7 |a pohoria  |2 SNKPH  |9 44054 
651 7 |a Západné Karpaty (pohorie)  |2 snkbucl  |9 175174 
655 7 |a články z novín a časopisov  |2 snkbucl  |9 267496 
773 0 |t Krásy Slovenska  |g Roč. 61, č. 10 (1984), s. 12-13 
850 |a Slovenská národná knižnica 
852 |a Slovenská národná knižnica 
954 |a odborná, vedecká literatúra pôvodná (slovenská)  |2 lita 
958 |a article27 
958 |a OND 
958 |a RK 
958 |a EUIPO 
992 |a RBX 
999 |c 3252841  |d 3254771